Вираження негативної оцінки в політичному дискурсі (на прикладі англомовних видань) (Запис № 284126)

МАРК-запис
000 -LEADER
fixed length control field 01571nam a22001577a 4500
041 ## - LANGUAGE CODE
Language code of text/sound track or separate title ukr
080 ## - UNIVERSAL DECIMAL CLASSIFICATION NUMBER
Universal Decimal Classification number 09
090 ## - LOCALLY ASSIGNED LC-TYPE CALL NUMBER (OCLC); LOCAL CALL NUMBER (OCLC)
Local cutter number (OCLC) ; Book number/undivided call number, CALL (RLIN) КОР
100 ## - MAIN ENTRY--PERSONAL NAME
Personal name Корнійчук Ю.Р.
245 ## - TITLE STATEMENT
Title Вираження негативної оцінки в політичному дискурсі (на прикладі англомовних видань)
260 ## - PUBLICATION, DISTRIBUTION, ETC. (IMPRINT)
Place of publication, distribution, etc Острог
Name of publisher, distributor, etc КАФ
Date of publication, distribution, etc 2009
300 ## - PHYSICAL DESCRIPTION
Extent 45
520 ## - SUMMARY, ETC.
Summary, etc ВСТУП<br/>РОЗДІЛ 1 ПОЛІТИЧНИЙ ДИСКУРС ЯК ОБЄКТ ЛІНГВІСТИЧНИХ ДОСЛІДЖЕНЬ<br/>1.1 Політичний дискурс.<br/>1.2 Категорія оцінювання в політичному дискурсі.<br/>1.3 Негативна оцінка в політичному дискурсі шляхом аналізу лексичних одиниць.<br/>1.4 Застосування маніпулятивних стратегій у політичному дискурсі.<br/>РОЗДІЛ 2 ВИРАЖЕННЯ ЕКСПЛІЦИТНО-ІМПЛІЦИТНОЇ НЕГАТИВНОСТІ У ПОЛІТИЧНОМУ ДИСКУРСІ<br/>2.1 Імпліцитне вираження негативності у поданні інформації.<br/>2.2 Експліцитне вираження негативної оцінки в політичному дискурсі.<br/>2.3 Маніпулятивні стратегії у створенні негативного образу.<br/>ВИСНОВКИ
-- політичний дискурс, маніпулятивні стратегії
650 ## - SUBJECT ADDED ENTRY--TOPICAL TERM
Topical term or geographic name as entry element Research Papers
942 ## - ADDED ENTRY ELEMENTS (KOHA)
Koha item type Книги
Фонди
Withdrawn status Lost status Source of classification or shelving scheme Damaged status Not for loan Home library Current library Date acquired Source of acquisition Cost, normal purchase price Total Checkouts Full call number Barcode Date last seen Price effective from Koha item type
    Universal Decimal Classification     ВІЛ - Відділ іноземн. літератури НБ ВІЛ - Відділ іноземн. літератури НБ 16/04/2009 Акт №1 1.00   09 213417 15/12/2021 16/04/2009 Книги